Contribución al estudio de cinco zonas contaminadas naturalmente por arsénico en Nicaragua
| Main Author: | |
|---|---|
| Format: | Section = Libro |
| Language: | Undetermined Spanish |
| Published: |
Managua
UNICEF
2004
|
| Subjects: |
| LEADER | 00649nam a2200205Ia 4500 | ||
|---|---|---|---|
| 008 | 240829s9999 xx 000 0 und d | ||
| 040 | |a BIBLIOTECA-RUPAP Ref 363.7394 B268 | ||
| 041 | |a spa | ||
| 082 | |a Ref 363.7394 B268 | ||
| 100 | 1 | |a Barragne Bigot, Phillippe | |
| 245 | 1 | 0 | |a Contribución al estudio de cinco zonas contaminadas naturalmente por arsénico en Nicaragua |
| 260 | |a Managua |b UNICEF |c 2004 | ||
| 300 | |a 75 p. :il. | ||
| 650 | 7 | |a CONTAMINACIÓN DE AGUAS SUBTERRÁNEAS | |
| 650 | 7 | |b INTOXICACIÓN ARSÉNICA | |
| 650 | 7 | |c ANÁLISIS DE AGUA | |
| 650 | 7 | |d CALIDAD DEL AGUA. I. Tít. | |
| 942 | |c BK |2 ddc | ||
| 991 | |a TEXTO | ||
| 999 | |c 9274 | ||